Status naturæ non est status belli.

Bibliographic Details
Corporate Authors: University of Cambridge, Gale (Firm)
Format: eBook
Language:Latin
Published: [Cambridge] : [publisher not identified], [1708]
Subjects:
Online Access:Connect to the full text of this electronic book

MARC

Tag First Indicator Second Indicator Subfields
LEADER 00000cam a2200000 4500
001 in00003822021
005 20190415190215.0
006 m o d
007 cr |n||||||||n
008 900328s1708 enk|||| o 00||||lat c
035 |a (CU-RivES)T199777 
035 |a (Uk-ES)006294342 
035 |a (OCoLC)509673872 
040 |a Uk-ES  |c Uk-ES  |d CStRLIN  |d Cengage Gale  |d UtOrBLW 
050 4 |a LF114.C76  |b U558 1708 
110 2 |a University of Cambridge. 
240 1 0 |a Tripos verses. 1708-02-19 
245 1 0 |a Status naturæ non est status belli. 
264 1 |a [Cambridge] :  |b [publisher not identified],  |c [1708] 
300 |a 1 online resource (1 sheet)  
336 |a text  |b txt  |2 rdacontent 
337 |a computer  |b c  |2 rdamedia 
338 |a online resource  |b cr  |2 rdacarrier 
500 |a Two columns of Latin verse; the second is entitled 'Ideæ non sunt innatæ.'. 
500 |a At foot: "In commitiis [sic] prioribus Feb. 19. 1707/8". - University of Cambridge tripos verses. 
510 4 |a McKenzie 'The Cambridge University Press' ,  |c numbers192 
510 4 |a English Short Title Catalog,  |c T199777. 
500 |a Reproduction of original from Bodleian Library (Oxford). 
500 |a Electronic resource. 
650 0 |a Latin poetry  |v Early works to 1800. 
655 7 |a Electronic books.  |2 local 
655 7 |a Single sheet verse.  |2 rbgenr 
710 2 |a Gale (Firm)  |0 http://id.loc.gov/authorities/names/no2008071348 
752 |a Great Britain  |b England  |d Cambridge. 
856 4 0 |u http://proxy.library.tamu.edu/login?url=http://find.galegroup.com/ecco/infomark.do?contentSet=ECCOArticles&docType=ECCOArticles&bookId=1502900800&type=getFullCitation&tabID=T001&prodId=ECCO&docLevel=TEXT_GRAPHICS&version=1.0&source=library&userGroupName=txshracd2898  |z Connect to the full text of this electronic book  |t 0 
999 f f |s 1bf58c9e-d24b-399c-a219-811920a0596d  |i 2d71009f-9520-3847-95da-8a28cc22b338  |t 0 
952 f f |a Texas A&M University  |b College Station  |c Electronic Resources  |d Available Online  |t 0  |e LF114.C76 U558 1708  |h Library of Congress classification 
998 f f |a LF114.C76 U558 1708  |t 0  |l Available Online